000 02865nab a2200301 i 4500
003 BR-BrBNA
005 20260331110411.0
008 260331b2019 bl.mr|pooa||| 00| 0 por |
040 _aBR-BrBNA
_bpor
072 _aE14
_b8310
100 _aTahim , Elda Fontinele
100 _aDamaceno, Marlene Nunes
100 _aAraújo, Inácio Fernandes de
245 _aTrajetória Tecnológica e Sustentabilidade Ambiental na Cadeia de Produção da Carcinicultura no Brasil
500 _aPublicação on-line; 39 ref.; 3 illus; Summaries (Pt, En)
520 _a Resumo: Este artigo analisa a trajetória tecnológica do cultivo de camarão no Nordeste brasileiro e suas implicações ou limitações para a adoção de inovações sustentáveis ambientalmente. Desse modo, uma abrangente pesquisa empírica foi realizada, usando dados secundários e entrevistas semiestruturadas com vários agentes envolvidos no cultivo do camarão. Assim, foi possível identificar o perfil desse setor de atividade com base em sua trajetória de desenvolvimento desde o início de sua produção no Brasil. Os principais resultados do estudo apontam que a trajetória tecnológica dessa indústria revelou limitações, mas, também, algumas oportunidades para a geração de inovações sustentáveis, especialmente no estágio atual. Palavras-chaves: trajetória tecnológica, regime tecnológico, inovação ambiental, sistema de inovação, cultivo de camarão.
520 _a Abstract: This paper analyzes the technological route of shrimp farming in Northeast Brazil and their implications or limitations for the adoption of environmentally sustainable innovations. Thus, an extensive empirical research was performed, using secondary data and semi-structured interviews with various agents involved in shrimp farming industry. Therefore, it was possible to identify the profile of this activity based on its development trajectory since the beginning of its production in Brazil. The main results of this study indicate that the technological path of this industry revealed limitations, but also some opportunities for the generation of sustainable innovation, especially at the current stage. Key-words: technological trajectory, technological regime, environmental innovation, innovation system, shrimp farming.
650 _aCAMARÃO
650 _aCARCINICULTURA
650 _aINOVAÇÃO
650 _aTECNOLOGIA
650 _aDESENVOLVIMENTO SUSTENTÁVEL
650 _aNORDESTE
773 0 _03564
_9316863
_dBrasília-DF Sociedade Brasileira de Economia e Sociologia Rural 1988
_o2024-3407
_tRevista de Economia e Sociologia Rural (Brazil)
_x0103-2003
_gv. 57 (1) p. 93-108; (2019)
_wBR2025004884
856 _uhttps://www.scielo.br/j/resr/a/qyzrfBZ7JGy7CCLZ57BVr3P/?format=pdf&lang=pt
942 _cANA
999 _c341166
_d341166